Adobe Premiere 6.5 bible / (Record no. 566405)
[ view plain ]
| 000 -LEADER | |
|---|---|
| fixed length control field | 01221cam a22003134a 4500 |
| 001 - CONTROL NUMBER | |
| control field | 12881038 |
| 003 - CONTROL NUMBER IDENTIFIER | |
| control field | CEME |
| 005 - DATE AND TIME OF LATEST TRANSACTION | |
| control field | 20210628201519.0 |
| 008 - FIXED-LENGTH DATA ELEMENTS--GENERAL INFORMATION | |
| fixed length control field | 020802s2003 nyua b 001 0 eng |
| 010 ## - LIBRARY OF CONGRESS CONTROL NUMBER | |
| LC control number | 2002111060 |
| 020 ## - INTERNATIONAL STANDARD BOOK NUMBER | |
| International Standard Book Number | 0764518305 |
| 035 ## - SYSTEM CONTROL NUMBER | |
| System control number | (DLC) 2002111060 |
| 040 ## - CATALOGING SOURCE | |
| Original cataloging agency | DLC |
| Transcribing agency | DLC |
| Modifying agency | DLC |
| 042 ## - AUTHENTICATION CODE | |
| Authentication code | pcc |
| 050 00 - LIBRARY OF CONGRESS CALL NUMBER | |
| Classification number | TR899 |
| Item number | .D77 2003 |
| 100 1# - MAIN ENTRY--PERSONAL NAME | |
| Personal name | Droblas, Adele. Greenberg, Seth |
| 9 (RLIN) | 55605 |
| 245 10 - TITLE STATEMENT | |
| Title | Adobe Premiere 6.5 bible / |
| Statement of responsibility, etc. | Adele Droblas and Seth Greenberg. |
| 260 ## - PUBLICATION, DISTRIBUTION, ETC. | |
| Place of publication, distribution, etc. | New York, NY : |
| Name of publisher, distributor, etc. | Wiley Pub., |
| Date of publication, distribution, etc. | c2003. |
| 300 ## - PHYSICAL DESCRIPTION | |
| Extent | xxviii, 714 p. : |
| Other physical details | ill. ; |
| Dimensions | 24 cm. + |
| Accompanying material | 1 CD-ROM (4 3/4 in.) |
| 504 ## - BIBLIOGRAPHY, ETC. NOTE | |
| Bibliography, etc. note | Includes bibliographical references (p. [667]-672) and index. |
| 630 00 - SUBJECT ADDED ENTRY--UNIFORM TITLE | |
| Uniform title | Adobe Premiere. |
| 9 (RLIN) | 55606 |
| 650 #0 - SUBJECT ADDED ENTRY--TOPICAL TERM | |
| Topical term or geographic name entry element | Motion pictures |
| General subdivision | Editing |
| -- | Data processing. |
| 9 (RLIN) | 55607 |
| 650 #0 - SUBJECT ADDED ENTRY--TOPICAL TERM | |
| Topical term or geographic name entry element | Digital video |
| General subdivision | Editing |
| -- | Data processing. |
| 9 (RLIN) | 55608 |
| 700 1# - ADDED ENTRY--PERSONAL NAME | |
| Personal name | Greenberg, Seth. |
| 9 (RLIN) | 55609 |
| 856 42 - ELECTRONIC LOCATION AND ACCESS | |
| Materials specified | Contributor biographical information |
| Uniform Resource Identifier | <a href="http://www.loc.gov/catdir/bios/wiley045/2002111060.html">http://www.loc.gov/catdir/bios/wiley045/2002111060.html</a> |
| 856 42 - ELECTRONIC LOCATION AND ACCESS | |
| Materials specified | Publisher description |
| Uniform Resource Identifier | <a href="http://www.loc.gov/catdir/description/wiley039/2002111060.html">http://www.loc.gov/catdir/description/wiley039/2002111060.html</a> |
| 856 41 - ELECTRONIC LOCATION AND ACCESS | |
| Materials specified | Table of contents |
| Uniform Resource Identifier | <a href="http://www.loc.gov/catdir/toc/wiley031/2002111060.html">http://www.loc.gov/catdir/toc/wiley031/2002111060.html</a> |
| 942 ## - ADDED ENTRY ELEMENTS (KOHA) | |
| Source of classification or shelving scheme | |
| Koha item type | Book |
| Withdrawn status | Lost status | Source of classification or shelving scheme | Damaged status | Not for loan | Permanent Location | Current Location | Shelving location | Date acquired | Total Checkouts | Full call number | Barcode | Date last seen | Price effective from | Koha item type |
|---|---|---|---|---|---|---|---|---|---|---|---|---|---|---|
| College of Electrical & Mechanical Engineering (CEME) | College of Electrical & Mechanical Engineering (CEME) | General Stacks | 03/19/2017 | 778.59 DRO | CEME-44967 | 06/28/2021 | 06/28/2021 | Book | ||||||
| College of Electrical & Mechanical Engineering (CEME) | College of Electrical & Mechanical Engineering (CEME) | General Stacks | 03/19/2017 | 778.59 DRO | CEME-44968 | 06/28/2021 | 06/28/2021 | Book |
